000 00653nam a2200217 i 4500
001 37895
003 ES-MaACL
005 20230906155647.0
007 t|
008 030224s1982 sp ||||1| spa d
100 1 _aCahn, R. S.
_933447
245 1 0 _aIntroducción a la nomenclatura química /
_cR. S. Cahn, O. C. Dermer ; versión de F. Fernández González.
260 _a[Madrid] :
_bAlhambra,
_c[1982]
300 _aVIII, 228 p. ;
_c20 cm.
490 1 _aVertix
700 1 _aDermer, O. C.
_943780
700 0 _aFernández González, Franco.
_949828
830 0 _aVertix
_9180780
852 _aES-MaACL
_jL-3927
_bR.104413
999 _c37895
_d37895